000 00626nam a2200229Ia 4500
003 OSt
005 20220928135736.0
006 a|||||r|||| 00| 0
007 ta
008 220927b |||||||| |||| 00| 0 eng d
024 _a4730
037 _cTextual
040 _aSDCL
_cSDCL
_beng
041 _2eng
_aeng
082 _aX:54:f, P2
100 _aKotabe Masaaki Ed.
_9367703
245 0 _aEmerging issues in international business research
260 _c2002
700 _a Aulakh Preet S Ed.
_9492718
942 _hX:54:f, P2
_cTEXL
_2CC
999 _c808363
_d808363